00205nam a22000857a 4500082001300000100003700013245003300050260002800083300000800111 a297aKAU aKAUKAB SIDDIQUEaKAUKAB SIDDIQUE aISLAM the wave of the future aPAKISTANbkARACHIc1993 a74p